[Event "Brcko 1st"]
[Site "Brcko"]
[Date "2023.07.02"]
[Round "8"]
[White "Milojevic, Dusan"]
[Black "Mikanovic, Sandro"]
[Result "1/2-1/2"]
[WhiteElo "2168"]
[BlackElo "2307"]
[PlyCount "60"]
[EventDate "2023.06.28"]
[EventType "tourn"]
[EventRounds "9"]
[EventCountry "BIH"]
[SourceTitle "EXT 2024"]
[Source "ChessBase"]
[SourceDate "2023.10.10"]
[SourceVersion "1"]
[SourceVersionDate "2023.10.10"]
[SourceQuality "1"]

1. d4 Nf6 2. c4 e6 3. Nc3 d5 4. cxd5 Nxd5 5. e4 Nxc3 6. bxc3 c5 7. Nf3 cxd4 8. cxd4 Bb4+ 9. Bd2 Bxd2+ 10. Qxd2 0-0 11. Rc1 Nd7 12. Bd3 b6 13. 0-0 Bb7 14. Qf4 h6 15. Rfd1 Nf6 16. h3 Rc8 17. Rxc8 Qxc8 18. Rc1 Qa8 19. d5 exd5 20. e5 Ne4 21. Nd4 Qd8 22. Nf5 Nc5 23. Nxh6+ gxh6 24. Rxc5 bxc5 25. Qxh6 f5 26. Qg6+ Kh8 27. Qh6+ Kg8 28. Qg6+ Kh8 29. Qh6+ Kg8 30. Qg6+ Kh8 1/2-1/2

[Event "Brcko 1st"]
[Site "Brcko"]
[Date "2023.07.01"]
[Round "6"]
[White "Milojevic, Dusan"]
[Black "Djoric, Dusan"]
[Result "1-0"]
[WhiteElo "2168"]
[BlackElo "2125"]
[PlyCount "59"]
[EventDate "2023.06.28"]
[EventType "tourn"]
[EventRounds "9"]
[EventCountry "BIH"]
[SourceTitle "EXT 2024"]
[Source "ChessBase"]
[SourceDate "2023.10.10"]
[SourceVersion "1"]
[SourceVersionDate "2023.10.10"]
[SourceQuality "1"]

1. d4 d5 2. c4 e6 3. Nc3 Nf6 4. Nf3 Be7 5. Bg5 0-0 6. cxd5 exd5 7. e3 c6 8. Bd3 Re8 9. Qc2 h6 10. Bf4 Nbd7 11. 0-0-0 Nf8 12. h3 b5 13. g4 a5 14. Ne5 Bd7 15. h4 Nxg4 16. Nxd7 Nxd7 17. Rdg1 h5 18. f3 Ngf6 19. Bh6 Bf8 20. Bxg7 Bxg7 21. Qg2 Ng4 22. fxg4 Rxe3 23. Qd2 Bxd4 24. gxh5+ Kh8 25. Bf5 Qf6 26. Bxd7 Re7 27. Rf1 Qe5 28. Qh6+ Kg8 29. Rhg1+ Bxg1 30. Rxg1+ 1-0

[Event "Mramorak Autumn Schev 2"]
[Site "Mramorak"]
[Date "2022.12.15"]
[Round "9.5"]
[White "Milojevic, Dusan"]
[Black "Zhang, Yichen"]
[Result "1-0"]
[WhiteElo "2213"]
[BlackElo "1366"]
[PlyCount "79"]
[EventDate "2022.12.11"]
[EventType "schev"]
[EventRounds "10"]
[EventCountry "SRB"]
[SourceTitle "CBM 211 Extra"]
[Source "ChessBase"]
[SourceDate "2023.01.31"]
[SourceVersion "1"]
[SourceVersionDate "2023.01.31"]
[SourceQuality "1"]
[WhiteTeam "Team A"]
[BlackTeam "Team B"]
[WhiteTeamCountry "SRB"]
[BlackTeamCountry "SRB"]

1. c3 d5 2. Qc2 Nf6 3. Nf3 Bg4 4. Ne5 Bh5 5. Qb3 Qc8 6. f3 Bg6 7. g4 Bxb1 8. Rxb1 h6 9. d4 e6 10. Bf4 c6 11. e3 Nbd7 12. Be2 Be7 13. h4 c5 14. Rg1 Nxe5 15. dxe5 Nd7 16. g5 hxg5 17. hxg5 g6 18. a4 a6 19. c4 Qc6 20. Bd3 dxc4 21. Qxc4 Qxf3 22. Be4 Qh5 23. Rd1 Qh7 24. Bxb7 Rb8 25. Qxa6 Qh4+ 26. Kf1 Qh3+ 27. Bg2 Qh7 28. Qc6 Rd8 29. Rd2 Qg8 30. a5 Rh5 31. Bf3 Rh3 32. a6 Kf8 33. Bg2 Rh5 34. Rxd7 Rxd7 35. Qxd7 Bxg5 36. Qc8+ Bd8 37. Qxd8+ Kg7 38. Qxg8+ Kxg8 39. a7 Kg7 40. a8Q 1-0

[Event "Vojvodina-chT 21st"]
[Site "Backa Palanka"]
[Date "2021.10.28"]
[Round "8.3"]
[White "Milojevic, Dusan"]
[Black "Farkas, Tibor"]
[Result "1/2-1/2"]
[WhiteElo "2273"]
[BlackElo "2248"]
[PlyCount "22"]
[EventDate "2021.10.23"]
[EventType "team-tourn"]
[EventRounds "11"]
[EventCountry "SRB"]
[SourceTitle "CBM 204 Extra"]
[Source "ChessBase"]
[SourceDate "2021.11.30"]
[SourceVersion "1"]
[SourceVersionDate "2021.11.30"]
[SourceQuality "1"]
[WhiteTeam "Opovo Bata Cosic"]
[BlackTeam "Backa Pacir"]
[WhiteTeamCountry "SRB"]
[BlackTeamCountry "SRB"]

1. d4 Nf6 2. c4 e6 3. Nf3 b6 4. g3 Ba6 5. b3 Bb7 6. Bg2 Bb4+ 7. Bd2 Bxd2+ 8. Nbxd2 0-0 9. Qc2 d5 10. Ne5 c6 11. e4 Nbd7 1/2-1/2

[Event "Vojvodina-chT"]
[Site "Kovacica"]
[Date "2019.11.06"]
[Round "8.4"]
[White "Milojevic, Dusan"]
[Black "Vranic, Ljubomir"]
[Result "1/2-1/2"]
[WhiteElo "2244"]
[BlackElo "2211"]
[PlyCount "97"]
[EventDate "2019.11.01"]
[EventType "team-tourn"]
[EventRounds "11"]
[EventCountry "SRB"]
[SourceTitle "CBM 192 Extra"]
[Source "Chessbase"]
[SourceDate "2019.11.06"]
[SourceVersion "1"]
[SourceVersionDate "2019.11.06"]
[SourceQuality "1"]
[WhiteTeam "Cosic Opovo Bata"]
[BlackTeam "Senta"]
[WhiteTeamCountry "SRB"]
[BlackTeamCountry "SRB"]

1. e4 d6 2. Bc4 Nf6 3. d3 e6 4. Bb3 Nbd7 5. c3 d5 6. exd5 exd5 7. Nf3 Bd6 8. 0-0 0-0 9. Bg5 c6 10. Re1 Nc5 11. Bc2 Bg4 12. h3 Bh5 13. Nbd2 Ne6 14. Be3 Nd7 15. d4 Bg6 16. Nf1 Bxc2 17. Qxc2 Re8 18. Re2 Qf6 19. Rae1 Qg6 20. Qb3 b5 21. Bc1 Nb6 22. Qd1 a5 23. N1h2 Nc7 24. Ng4 f6 25. Nh4 Qf7 26. Nf5 Bf8 27. Bf4 Ne6 28. Nd6 Bxd6 29. Bxd6 Nc4 30. Bg3 a4 31. Rxe6 Rxe6 32. Nh6+ gxh6 33. Qg4+ Kf8 34. Qxe6 Re8 35. Bd6+ Nxd6 36. Qxd6+ Kg7 37. Qg3+ Kh8 38. Re3 Rxe3 39. Qxe3 Kg7 40. Qg3+ Kf8 41. Qd6+ Qe7 42. Qxe7+ Kxe7 43. Kh2 Kd6 44. a3 Ke6 45. Kg3 Kf5 46. f3 h5 47. Kh4 Kg6 48. g4 hxg4 49. hxg4 1/2-1/2

[Event "Vojvodina-chT 2nd League"]
[Site "Novi Sad"]
[Date "2018.11.14"]
[Round "8.1"]
[White "Milojevic, Dusan"]
[Black "Pastar, Slaven"]
[Result "1/2-1/2"]
[WhiteElo "2287"]
[BlackElo "2326"]
[PlyCount "23"]
[EventDate "2018.11.09"]
[EventType "team-tourn"]
[EventRounds "11"]
[EventCountry "SRB"]
[SourceTitle "CBM 187 Extra"]
[Source "ChessBase"]
[SourceDate "2018.11.04"]
[SourceVersion "1"]
[SourceVersionDate "2018.11.04"]
[SourceQuality "1"]
[WhiteTeam "Cosic Opovo Bata"]
[BlackTeam "Novi Sad Kraljica PTT"]
[WhiteTeamCountry "SRB"]
[BlackTeamCountry "SRB"]

1. d4 b6 2. Nf3 Bb7 3. Bg5 Nf6 4. Nbd2 e6 5. e4 Be7 6. Bd3 d5 7. e5 Nfd7 8. Bxe7 Qxe7 9. Qe2 c5 10. c3 a5 11. 0-0-0 Ba6 12. c4 1/2-1/2

[Event "Vojvodina-chT 2nd League"]
[Site "Novi Sad"]
[Date "2018.11.10"]
[Round "2.2"]
[White "Arbutina, Sinisa"]
[Black "Milojevic, Dusan"]
[Result "1-0"]
[WhiteElo "2325"]
[BlackElo "2287"]
[PlyCount "105"]
[EventDate "2018.11.09"]
[EventType "team-tourn"]
[EventRounds "11"]
[EventCountry "SRB"]
[SourceTitle "CBM 187 Extra"]
[Source "ChessBase"]
[SourceDate "2018.11.04"]
[SourceVersion "1"]
[SourceVersionDate "2018.11.04"]
[SourceQuality "1"]
[WhiteTeam "Backa Pacir"]
[BlackTeam "Cosic Opovo Bata"]
[WhiteTeamCountry "SRB"]
[BlackTeamCountry "SRB"]

1. d4 Nf6 2. c4 g6 3. Nc3 Bg7 4. e4 d6 5. f3 a6 6. Be3 Nbd7 7. Qd2 c5 8. Nge2 Qa5 9. Nc1 cxd4 10. Bxd4 0-0 11. Nb3 Qc7 12. Rc1 e6 13. Be2 b6 14. 0-0 Nc5 15. Na1 Rd8 16. Rfd1 Bb7 17. Bf1 Rab8 18. Qf2 Ba8 19. Nc2 Ne8 20. Bxg7 Kxg7 21. Qd4+ Kg8 22. Ne3 Qe7 23. Rc2 h5 24. Re2 Qg5 25. Rf2 e5 26. Qd2 Ne6 27. Ned5 Qxd2 28. Rfxd2 Bxd5 29. cxd5 Nd4 30. Ne2 Nxe2+ 31. Bxe2 b5 32. Rc1 Rdc8 33. Rdc2 Rxc2 34. Rxc2 Ra8 35. Kf2 Kf8 36. Ke3 Ke7 37. Rc6 Kd7 38. Rxa6 Rb8 39. Ra7+ Nc7 40. b4 Rb6 41. h4 Rb8 42. g4 Rh8 43. g5 Rb8 44. Bf1 Rb6 45. Bh3+ Kd8 46. f4 Ra6 47. Rxa6 Nxa6 48. a3 Ke7 49. f5 f6 50. gxf6+ Kxf6 51. fxg6 Kxg6 52. Bf1 Nc7 53. Kd2 1-0

[Event "Vojvodina-chT 2nd League"]
[Site "Stari Banovci"]
[Date "2013.11.07"]
[Round "5"]
[White "Gavric, Zivojin"]
[Black "Milojevic, Dusan"]
[Result "1/2-1/2"]
[WhiteElo "2124"]
[BlackElo "2231"]
[PlyCount "39"]
[EventDate "2013.11.03"]
[EventType "team-tourn"]
[EventRounds "11"]
[EventCountry "SRB"]
[SourceTitle "EXT 2015"]
[Source "ChessBase"]
[SourceDate "2014.11.20"]
[SourceVersion "1"]
[SourceVersionDate "2014.11.20"]
[SourceQuality "1"]

1. e4 c5 2. Nc3 a6 3. g3 Nc6 4. Bg2 g6 5. f4 Bg7 6. Nf3 d6 7. 0-0 Nf6 8. h3 0-0 9. d3 Rb8 10. Be3 b5 11. a3 b4 12. axb4 Rxb4 13. Qc1 Nd4 14. Kh2 Nd7 15. Nd2 Nb6 16. Rf2 c4 17. dxc4 Nxc4 18. Nxc4 Rxc4 19. Bf1 Rc6 20. Ra4 1/2-1/2

[Event "SRB-chT2 Vojvodina League"]
[Site "Kac"]
[Date "2012.10.20"]
[Round "9"]
[White "Bogic, Stevan"]
[Black "Milojevic, Dusan"]
[Result "1/2-1/2"]
[WhiteElo "2199"]
[BlackElo "2188"]
[PlyCount "31"]
[EventDate "2012.10.14"]
[EventType "team-swiss"]
[EventRounds "11"]
[EventCountry "SRB"]
[SourceTitle "EXT 2015"]
[Source "ChessBase"]
[SourceDate "2014.11.20"]
[SourceVersion "1"]
[SourceVersionDate "2014.11.20"]
[SourceQuality "1"]

1. d4 Nf6 2. c4 g6 3. Nc3 Bg7 4. e4 d6 5. f3 0-0 6. Bg5 Nbd7 7. Nh3 c5 8. d5 a6 9. a4 Qa5 10. Ra3 Ne5 11. Nf2 Re8 12. Be2 Rb8 13. 0-0 h6 14. Bd2 g5 15. g3 Ng6 16. Kh1 1/2-1/2

[Event "Belgrade-chT"]
[Site "Belgrade"]
[Date "2005.10.09"]
[Round "9"]
[White "Gavela, Dragan"]
[Black "Milojevic, Dusan"]
[Result "0-1"]
[WhiteElo "2255"]
[BlackElo "2153"]
[PlyCount "100"]
[EventDate "2005.10.01"]
[EventType "team-tourn"]
[EventRounds "9"]
[EventCountry "YUG"]
[SourceTitle "CBM 108 Extra"]
[Source "ChessBase"]
[SourceDate "2005.11.04"]
[SourceVersion "1"]
[SourceVersionDate "2005.11.04"]
[SourceQuality "1"]

1. e4 c5 2. d3 e6 3. g3 Nc6 4. Bg2 Nf6 5. f4 d5 6. e5 Nd7 7. Nf3 Be7 8. 0-0 0-0 9. Nc3 a6 10. Re1 Qc7 11. Ne2 d4 12. c4 b5 13. b3 Bb7 14. g4 b4 15. Ng3 a5 16. f5 a4 17. bxa4 Ra7 18. Nh5 exf5 19. gxf5 Ncxe5 20. Nxe5 Nxe5 21. Bxb7 Rxb7 22. Nf4 f6 23. Ne6 Qc6 24. Nxf8 Bxf8 25. Kf2 Qd7 26. Rxe5 fxe5 27. Qf3 Ra7 28. Rb1 Qxa4 29. Rb2 Rf7 30. Bg5 Qd7 31. f6 h6 32. Bh4 g5 33. Bg3 Qe6 34. Kg2 Rxf6 35. Qe4 Qc6 36. Qxc6 Rxc6 37. Kf3 Rf6+ 38. Ke4 Rf1 39. Bxe5 Kf7 40. Bg3 Ke6 41. a3 h5 42. axb4 h4 43. Bf2 cxb4 44. Bxd4 Rf4+ 45. Ke3 Rxd4 46. Rg2 Rd8 47. Ke4 Be7 48. d4 Bf6 49. d5+ Kd6 50. Kf5 Rf8 0-1